000 00931nam a2200277 a 4500
005 20191224041614.0
008 160120s2000 ck a gr|||| 001 0 spa d
020 _a9586554147 (volumen)
040 _aCO-BoIAVH
_cCO-BoIAVH
041 0 _aspa
044 _ack
082 0 4 _a579.09
_bC35a
100 1 _aCastrillón Aldana, Alberto
245 1 0 _aAlejandro de Humboldt, del catálogo al paisaje
_cAlberto Castrilloón Aldana, Editorial Universidad de Antioquia
250 _aPrimera edición
260 _aMedellín :
_bUniversidad de Antioquia,
_c2000.
300 _a215 páginas :
_bIlustraciones ;
_c22 x 14 cm.
650 6 _aAlejandro von Humboldt
650 6 _aHistoria
650 6 _aInvestigación científica
650 6 _aDinámica de bosques
650 6 _aGeología
650 6 _aPublicaciones
710 2 _aUniversidad de Antioquia
942 _cLIBRO
_2ddc
_01
999 _c1823
_d1823